00234nam a2200097Ia 4500008004100000100000900041245003700050260002500087942000700112999001700119190216s9999||||xx |||||||||||||| ||und|| aNull 0aHindi-Jaynandr Kishasht Kalaniya bHindi Sahithya Sadan cBK c17616d17616